00942cam6a220026500 4500001001200000003000500012005001700017008004100034035001900075035002200094040000900116245008200125246003400207250001600241260004600257500002800303500005200331650003900383700006500422700007100487949003700558004000600595987005600601999001900657tmp15699792UPRA20190823082720.0951006s1974 enk eng u a(Sirsi) r96678 a(UPRA)tmp15699792 cUPRA00aGuinness book of records /ceditors and compilers: Norris and Ross McWhirter.30aGuinness book of superlatives a[21st ed.]. a[Enfield :bGuinness Superlatives,c1974] a1st ed. published 1955. aTitle varies: The Guinness book of superlatives 0aCuriosities and wonders.6S16245.11 aMcWhirter, Norris, 1925-dMcWhirter, Norris, 1925-6A23026.11 aMcWhirter, Ross, 1925-1975.dMcWhirter, Ross, 1925-1975.6A23028.1 aAG243wlccmMAINtBOOKlON-SHELF96678 aHoldings : use? bonly copy on card marked missing. c138575d138576